[Event "CRO-chT3 West"]
[Site "Croatia"]
[Date "2020.09.13"]
[Round "3.5"]
[White "Zrilic, Bozo"]
[Black "Mecev, Mile"]
[Result "0-1"]
[WhiteElo "1874"]
[BlackElo "1676"]
[PlyCount "52"]
[EventDate "2020.09.12"]
[EventType "team-tourn"]
[EventRounds "9"]
[EventCountry "CRO"]
[SourceTitle "EXT 2022"]
[Source "ChessBase"]
[SourceDate "2021.10.06"]
[SourceVersion "1"]
[SourceVersionDate "2021.10.06"]
[SourceQuality "1"]
[WhiteTeam "Kastav"]
[BlackTeam "Korenica"]
[WhiteTeamCountry "CRO"]
[BlackTeamCountry "CRO"]

1. d4 e6 2. e4 Nc6 3. Nf3 d6 4. c3 d5 5. e5 Bd7 6. Bd3 Be7 7. 0-0 h6 8. b4 Bg5 9. a4 Bxc1 10. Qxc1 Qe7 11. Nbd2 g5 12. Nb3 g4 13. Nfd2 b6 14. f4 f5 15. exf6 Qxf6 16. Qe1 Nge7 17. Qe2 h5 18. a5 Kf7 19. b5 Nd8 20. Rae1 Nf5 21. Qe5 Qxe5 22. fxe5 Kg6 23. c4 c6 24. cxd5 cxd5 25. Rc1 Nf7 26. Rc7 Rhd8 0-1

[Event "Rijeka Paris Memorial 40th"]
[Site "Rijeka"]
[Date "2019.10.25"]
[Round "9"]
[White "Zrilic, Bozo"]
[Black "Bracanovic, Luka"]
[Result "0-1"]
[WhiteElo "1901"]
[BlackElo "1658"]
[PlyCount "66"]
[EventDate "2019.10.18"]
[EventType "swiss"]
[EventRounds "9"]
[EventCountry "CRO"]
[SourceTitle "CBM 192 Extra"]
[Source "Chessbase"]
[SourceDate "2019.11.06"]
[SourceVersion "1"]
[SourceVersionDate "2019.11.06"]
[SourceQuality "1"]

1. d4 Nf6 2. Nf3 g6 3. c4 Bg7 4. Nc3 d5 5. cxd5 Nxd5 6. e4 Nxc3 7. bxc3 c5 8. Bc4 Nc6 9. Be3 0-0 10. h3 Qa5 11. Bd2 Qc7 12. Rc1 Rd8 13. Be3 b5 14. Bd5 e6 15. Bb3 Qa5 16. 0-0 c4 17. Bc2 Qxc3 18. e5 Qa5 19. Be4 Bb7 20. Qe2 Qc7 21. Rfd1 Ne7 22. Bg5 Bxe4 23. Qxe4 h6 24. Bh4 Rd5 25. g4 Rad8 26. Qe3 R8d7 27. Re1 Nc6 28. Bf6 Nxd4 29. Nd2 Nc6 30. Ne4 Nxe5 31. Bxg7 Kxg7 32. Nc3 Nd3 33. Nxd5 Rxd5 0-1

[Event "Rijeka Paris Memorial 40th"]
[Site "Rijeka"]
[Date "2019.10.19"]
[Round "2"]
[White "Kvaternik, Sinisa"]
[Black "Zrilic, Bozo"]
[Result "0-1"]
[WhiteElo "1840"]
[BlackElo "1901"]
[PlyCount "124"]
[EventDate "2019.10.18"]
[EventType "swiss"]
[EventRounds "9"]
[EventCountry "CRO"]
[SourceTitle "CBM 192 Extra"]
[Source "Chessbase"]
[SourceDate "2019.11.06"]
[SourceVersion "1"]
[SourceVersionDate "2019.11.06"]
[SourceQuality "1"]

1. d4 g6 2. c4 Bg7 3. Nc3 Nf6 4. e4 d6 5. Be3 0-0 6. Be2 Nc6 7. Qd2 Re8 8. Rd1 e5 9. d5 Ne7 10. Bh6 Bh8 11. Nf3 Ng4 12. h4 Nxh6 13. Qxh6 Bg7 14. Qg5 h6 15. Qg3 a6 16. h5 f5 17. hxg6 f4 18. Qh2 Nxg6 19. Qh5 Nf8 20. Nh4 Bd7 21. Nf5 Bxf5 22. Qxf5 Qg5 23. Bg4 Qxf5 24. Bxf5 Kf7 25. Rd3 Ng6 26. Ne2 Rh8 27. Rh5 Bf6 28. Rdh3 Bg5 29. f3 Ne7 30. Be6+ Kf6 31. g3 b5 32. gxf4 exf4 33. cxb5 axb5 34. Nc1 Ng6 35. Rh2 Ne5 36. R5h3 Ra4 37. b3 Ra7 38. Rc2 c5 39. Ke2 c4 40. Rh1 Rc7 41. Rd1 Ra8 42. Rd4 Raa7 43. bxc4 bxc4 44. Rc3 Rab7 45. Rd2 h5 46. Bh3 Rc5 47. Bf1 Bh4 48. a4 Ra7 49. Ra2 Raa5 50. Kd1 Bg3 51. Ne2 h4 52. Nd4 Ra8 53. Nf5 Ra6 54. Bh3 Rca5 55. Bf1 Rxa4 56. Rxa4 Rxa4 57. Nxd6 Ra1+ 58. Rc1 Rxc1+ 59. Kxc1 c3 60. Bg2 Nd3+ 61. Kd1 c2+ 62. Kd2 c1Q+ 0-1

[Event "Mediterranean op 10th"]
[Site "Rijeka"]
[Date "2018.11.29"]
[Round "7"]
[White "Zrilic, Bozo"]
[Black "Res, Ivica"]
[Result "0-1"]
[WhiteElo "1868"]
[BlackElo "2097"]
[PlyCount "100"]
[EventDate "2018.11.24"]
[EventType "swiss"]
[EventRounds "9"]
[EventCountry "CRO"]
[SourceTitle "CBM 187 Extra"]
[Source "ChessBase"]
[SourceDate "2018.11.04"]
[SourceVersion "1"]
[SourceVersionDate "2018.11.04"]
[SourceQuality "1"]

1. e4 c5 2. Nc3 d6 3. g3 Nc6 4. Bg2 g6 5. d3 Bg7 6. Nf3 e6 7. 0-0 Nge7 8. h3 0-0 9. Nh2 Rb8 10. f4 Nd4 11. Ne2 b5 12. c3 Nxe2+ 13. Qxe2 b4 14. c4 f5 15. Be3 Bb7 16. Rad1 Qa5 17. b3 Rfe8 18. Qf2 Nc6 19. Nf3 Rbd8 20. Rfe1 Qc7 21. g4 fxe4 22. dxe4 e5 23. f5 Nd4 24. Bg5 Rd7 25. Qh4 Rf7 26. Bh6 Nxf3+ 27. Bxf3 Bxh6 28. Qxh6 Rg7 29. Kh2 Rf8 30. Rg1 Qe7 31. Qe3 Kh8 32. Rd2 gxf5 33. gxf5 Rxg1 34. Qxg1 Rg8 35. Rg2 Rxg2+ 36. Qxg2 Qh4 37. Qg3 Qh6 38. h4 Bc6 39. Qg5 Qxg5 40. hxg5 h6 41. Kg3 hxg5 42. Kg4 Kg7 43. Kxg5 a5 44. f6+ Kf7 45. Bh5+ Kf8 46. Bg6 a4 47. Kh6 axb3 48. axb3 Ba4 49. Bf5 Bxb3 50. Be6 Bc2 0-1

[Event "Mediterranean op 10th"]
[Site "Rijeka"]
[Date "2018.11.28"]
[Round "6"]
[White "Levar, Nenad"]
[Black "Zrilic, Bozo"]
[Result "1-0"]
[WhiteElo "2069"]
[BlackElo "1868"]
[PlyCount "41"]
[EventDate "2018.11.24"]
[EventType "swiss"]
[EventRounds "9"]
[EventCountry "CRO"]
[SourceTitle "CBM 187 Extra"]
[Source "ChessBase"]
[SourceDate "2018.11.04"]
[SourceVersion "1"]
[SourceVersionDate "2018.11.04"]
[SourceQuality "1"]

1. c4 Nf6 2. Nc3 e6 3. d4 Bb4 4. Qc2 Nc6 5. Nf3 b6 6. e4 Bxc3+ 7. bxc3 d6 8. Bg5 e5 9. Rd1 Qe7 10. Bd3 0-0 11. h3 Na5 12. 0-0 c5 13. d5 h6 14. Bh4 g5 15. Nxg5 hxg5 16. Bxg5 Kh7 17. f4 Kg6 18. Qd2 Nxc4 19. Bxc4 Qe8 20. Bxf6 Kxf6 21. fxe5+ 1-0

[Event "Mediterranean op 10th"]
[Site "Rijeka"]
[Date "2018.11.27"]
[Round "5"]
[White "Troselj, Ivan"]
[Black "Zrilic, Bozo"]
[Result "0-1"]
[WhiteElo "1757"]
[BlackElo "1868"]
[PlyCount "43"]
[EventDate "2018.11.24"]
[EventType "swiss"]
[EventRounds "9"]
[EventCountry "CRO"]
[SourceTitle "CBM 187 Extra"]
[Source "ChessBase"]
[SourceDate "2018.11.04"]
[SourceVersion "1"]
[SourceVersionDate "2018.11.04"]
[SourceQuality "1"]

1. e4 c5 2. Nc3 e6 3. g3 d5 4. exd5 exd5 5. Bg2 d4 6. Qe2+ Be7 7. Nd5 Nc6 8. d3 Be6 9. Nxe7 Ngxe7 10. Nf3 0-0 11. 0-0 h6 12. Bd2 Re8 13. Ne5 Bd5 14. Nxc6 Nxc6 15. Qg4 Ne5 16. Qh5 Bxg2 17. Kxg2 Qd5+ 18. f3 g6 19. Qxh6 Nxf3 20. Kf2 Re5 21. Bf4 Rh5 22. Qxh5 0-1

[Event "Rijeka Paris Memorial 39th"]
[Site "Rijeka"]
[Date "2018.11.05"]
[Round "5"]
[White "Zrilic, Bozo"]
[Black "Kvaternik, Sinisa"]
[Result "1-0"]
[WhiteElo "1868"]
[BlackElo "1844"]
[PlyCount "71"]
[EventDate "2018.11.02"]
[EventType "swiss"]
[EventRounds "9"]
[EventCountry "CRO"]
[SourceTitle "CBM 187 Extra"]
[Source "ChessBase"]
[SourceDate "2018.11.04"]
[SourceVersion "1"]
[SourceVersionDate "2018.11.04"]
[SourceQuality "1"]

1. d4 d5 2. Nf3 Bf5 3. Nh4 Bd7 4. g3 Nf6 5. Bg2 c6 6. 0-0 e6 7. Nd2 Bd6 8. c4 0-0 9. a3 e5 10. dxe5 Bxe5 11. Nhf3 Bc7 12. b4 Qc8 13. Bb2 Bd8 14. Rc1 Bh3 15. cxd5 Bxg2 16. Kxg2 Nxd5 17. e4 Nf6 18. h3 Re8 19. Re1 Nbd7 20. Qc2 a6 21. Nc4 Bc7 22. e5 Nh5 23. Qf5 g6 24. Qg4 Nf8 25. Qg5 Ne6 26. Qh6 Nhg7 27. Nd6 Bxd6 28. exd6 Nf5 29. Qd2 Qd7 30. Rcd1 Rad8 31. Qc3 Neg7 32. g4 Rxe1 33. Rxe1 f6 34. gxf5 Nh5 35. Qc4+ Kg7 36. Re7+ 1-0

[Event "Rijeka Paris Memorial 39th"]
[Site "Rijeka"]
[Date "2018.11.04"]
[Round "4"]
[White "Levar, Nenad"]
[Black "Zrilic, Bozo"]
[Result "1/2-1/2"]
[WhiteElo "2069"]
[BlackElo "1868"]
[PlyCount "117"]
[EventDate "2018.11.02"]
[EventType "swiss"]
[EventRounds "9"]
[EventCountry "CRO"]
[SourceTitle "CBM 187 Extra"]
[Source "ChessBase"]
[SourceDate "2018.11.04"]
[SourceVersion "1"]
[SourceVersionDate "2018.11.04"]
[SourceQuality "1"]

1. d4 Nf6 2. Nf3 g6 3. c4 Bg7 4. Nc3 d6 5. g3 0-0 6. Bg2 c6 7. 0-0 Qc7 8. e4 Bg4 9. h3 Bxf3 10. Qxf3 e5 11. dxe5 dxe5 12. Bg5 Nbd7 13. Rfd1 h6 14. Be3 Rfd8 15. Rd2 Nb6 16. b3 Rxd2 17. Bxd2 Rd8 18. Rd1 Nfd7 19. h4 Nc5 20. Be3 Ne6 21. Rxd8+ Qxd8 22. Qd1 Nd4 23. Qd2 h5 24. Ne2 c5 25. Nc3 Bf6 26. Nd5 Nxd5 27. cxd5 b6 28. Qd3 Qd7 29. Qd1 Qg4 30. Qxg4 hxg4 31. Kf1 Be7 32. Bc1 Kg7 33. Ke1 f5 34. Bb2 Bf6 35. Kd2 f4 36. Bf1 g5 37. hxg5 Bxg5 38. Kd1 fxg3 39. fxg3 Kf6 40. Ba6 Be3 41. Ke1 Nf3+ 42. Ke2 Bd4 43. Bc1 Bc3 44. Bc8 Nd4+ 45. Kf1 Nf3 46. Kg2 Ne1+ 47. Kh1 Nd3 48. Be3 Bd4 49. Bxd4 exd4 50. Kg2 Ne5 51. a4 Ke7 52. Kf1 Kd8 53. Bf5 Kc7 54. Ke2 a6 55. Kd2 b5 56. a5 c4 57. b4 c3+ 58. Kc2 Nc4 59. Be6 1/2-1/2

[Event "Rijeka Paris Memorial 38th"]
[Site "Rijeka"]
[Date "2017.11.05"]
[Round "3"]
[White "Zrilic, Bozo"]
[Black "Duda, Dejan"]
[Result "1/2-1/2"]
[WhiteElo "1885"]
[BlackElo "1599"]
[PlyCount "24"]
[EventDate "2017.11.04"]
[EventType "swiss"]
[EventRounds "9"]
[EventCountry "CRO"]
[SourceTitle "CBM 181 Extra"]
[Source "ChessBase"]
[SourceDate "2017.12.12"]
[SourceVersion "1"]
[SourceVersionDate "2017.12.12"]
[SourceQuality "1"]

1. d4 d5 2. Nf3 Nf6 3. c4 e6 4. Nc3 Be7 5. e3 c6 6. Bd3 Nbd7 7. 0-0 0-0 8. b3 Qc7 9. Bb2 e5 10. e4 exd4 11. Nxd4 dxe4 12. Nxe4 Nxe4 1/2-1/2

[Event "CRO-chT3 West"]
[Site "Croatia"]
[Date "2017.04.09"]
[Round "5.4"]
[White "Zrilic, Bozo"]
[Black "Kvaternik, Kresimir"]
[Result "1/2-1/2"]
[WhiteElo "1902"]
[BlackElo "1951"]
[PlyCount "78"]
[EventDate "2017.03.25"]
[EventType "team-tourn"]
[EventRounds "9"]
[EventCountry "CRO"]
[SourceTitle "EXT 2019"]
[Source "ChessBase"]
[SourceDate "2018.10.10"]
[SourceVersion "1"]
[SourceVersionDate "2018.10.10"]
[SourceQuality "1"]

1. d4 c6 2. Nf3 Nf6 3. Nbd2 d5 4. c3 g6 5. h3 Bg7 6. g3 Nbd7 7. Bg2 0-0 8. 0-0 Re8 9. Re1 e5 10. e4 dxe4 11. Nxe4 Nxe4 12. Rxe4 exd4 13. Rxe8+ Qxe8 14. Nxd4 Nf8 15. Be3 Ne6 16. Nf3 Nc7 17. Qa4 Bf5 18. Re1 Ne6 19. Qh4 Qd8 20. Qa4 a6 21. Rd1 Qe7 22. Nh4 Rd8 23. Nxf5 gxf5 24. Rxd8+ Qxd8 25. Qc2 f4 26. gxf4 Nc7 27. Bb6 Qd7 28. c4 Ne6 29. Be3 Nd4 30. Qd1 c5 31. b3 b6 32. Kh2 Qd6 33. Qg4 f5 34. Qh5 Qg6 35. Bd5+ Kf8 36. Qd1 Ke7 37. a3 a5 38. Ba8 Qd6 39. Qg1 Bh6 1/2-1/2

[Event "Mediterranean op 9th"]
[Site "Rijeka"]
[Date "2017.02.15"]
[Round "6"]
[White "Zrilic, Bozo"]
[Black "Sajn, Simon"]
[Result "0-1"]
[WhiteElo "1942"]
[BlackElo "2099"]
[PlyCount "87"]
[EventDate "2017.02.11"]
[EventType "swiss"]
[EventRounds "9"]
[EventCountry "CRO"]
[SourceTitle "CBM 177 Extra"]
[Source "ChessBase"]
[SourceDate "2017.04.27"]
[SourceVersion "1"]
[SourceVersionDate "2017.04.27"]
[SourceQuality "1"]

1. d4 Nf6 2. c4 d6 3. Nc3 g6 4. e4 Bg7 5. h3 0-0 6. Be3 e5 7. d5 Na6 8. g4 Nc5 9. Qc2 c6 10. Nge2 cxd5 11. cxd5 Bd7 12. Ng3 Rc8 13. Qd2 Qa5 14. Be2 Nb3 15. axb3 Qxa1+ 16. Bd1 Qa5 17. Rg1 b5 18. Nf5 Bxf5 19. gxf5 b4 20. Na4 Nxe4 21. Qd3 Nf6 22. fxg6 fxg6 23. Bg4 Nxg4 24. Rxg4 Rf3 25. h4 Rh3 26. Rc4 Qd8 27. Rc6 Rxh4 28. Qa6 Ra8 29. Rxd6 Qc8 30. Qc6 Rh1+ 31. Kd2 Qxc6 32. dxc6 Rc8 33. Bxa7 Bf8 34. Nb6 Rc7 35. Rd7 Rxc6 36. Nc4 Bh6+ 37. Ke2 Bf4 38. Nd6 Rc2+ 39. Kf3 Rh3+ 40. Kg2 Rxb3 41. Ne4 Rc6 42. Bc5 Rxb2 43. Bd6 Rxd6 44. Rxd6 0-1

[Event "Mediterranean op 8th"]
[Site "Rijeka"]
[Date "2015.12.09"]
[Round "6"]
[White "Jerkovic, Maroje"]
[Black "Zrilic, Bozo"]
[Result "0-1"]
[WhiteElo "2012"]
[BlackElo "1951"]
[PlyCount "76"]
[EventDate "2015.12.05"]
[EventType "swiss"]
[EventRounds "9"]
[EventCountry "CRO"]
[SourceTitle "CBM 169 Extra"]
[Source "ChessBase"]
[SourceDate "2015.12.18"]
[SourceVersion "1"]
[SourceVersionDate "2015.12.18"]
[SourceQuality "1"]

1. e4 Nf6 2. e5 Nd5 3. d4 d6 4. Bc4 Nb6 5. Bb3 dxe5 6. Qh5 e6 7. dxe5 c5 8. Na3 g6 9. Qh3 Bg7 10. Nf3 a6 11. Bh6 0-0 12. 0-0 Qc7 13. Rfe1 N8d7 14. c3 c4 15. Bc2 Nd5 16. Rad1 Re8 17. Bxg7 Kxg7 18. Rd4 b5 19. Rh4 Rh8 20. Ng5 Nf8 21. Qf3 Bb7 22. Be4 Qe7 23. Rg4 h5 24. Rg3 h4 25. Rg4 Rh5 26. Nxf7 Qxf7 27. Rxg6+ Nxg6 28. Qxh5 Ndf4 29. Qg5 Bxe4 30. Rxe4 Qf5 31. Qxf5 exf5 32. Rd4 Kf7 33. Kf1 Ke7 34. g3 hxg3 35. hxg3 Ne6 36. Rd5 f4 37. Ke2 fxg3 38. fxg3 Ngf4+ 0-1

[Event "Mediterranean op 8th"]
[Site "Rijeka"]
[Date "2015.12.06"]
[Round "2"]
[White "Slamar, Velimir"]
[Black "Zrilic, Bozo"]
[Result "1-0"]
[WhiteElo "2116"]
[BlackElo "1951"]
[PlyCount "85"]
[EventDate "2015.12.05"]
[EventType "swiss"]
[EventRounds "9"]
[EventCountry "CRO"]
[SourceTitle "CBM 169 Extra"]
[Source "ChessBase"]
[SourceDate "2015.12.18"]
[SourceVersion "1"]
[SourceVersionDate "2015.12.18"]
[SourceQuality "1"]

1. c4 Nf6 2. Nf3 e6 3. g3 d5 4. Bg2 c6 5. 0-0 Nbd7 6. d4 Bd6 7. Qc2 dxc4 8. Rd1 Qa5 9. Nbd2 Qh5 10. Nxc4 Be7 11. e4 0-0 12. h3 Qb5 13. a4 Qa6 14. Bf1 b5 15. Nce5 Bb7 16. Be3 Rfc8 17. Qb1 Qb6 18. a5 Qa6 19. b4 Rd8 20. Bd3 Rab8 21. Qb3 Ba8 22. Nxf7 c5 23. bxc5 Nxe4 24. N7e5 Bd5 25. Qc2 Nef6 26. Nxd7 Nxd7 27. Bxh7+ Kh8 28. Ne5 Nxe5 29. dxe5 Bf3 30. Rxd8+ Rxd8 31. Be4 Bxe4 32. Qxe4 Rd5 33. Rc1 Qc6 34. h4 Rd1+ 35. Rxd1 Qxe4 36. Rd7 Bf8 37. Rxa7 b4 38. a6 Qxe5 39. Ra8 Kg8 40. a7 Qa1+ 41. Kh2 Qa6 42. c6 Qxc6 43. Rb8 1-0

[Event "Kastav Summer op"]
[Site "Kastav"]
[Date "2015.08.23"]
[Round "9"]
[White "Zrilic, Bozo"]
[Black "Milosevic, Bozidar"]
[Result "1-0"]
[WhiteElo "1973"]
[BlackElo "1588"]
[PlyCount "53"]
[EventDate "2015.08.19"]
[EventType "swiss"]
[EventRounds "9"]
[EventCountry "CRO"]
[SourceTitle "EXT 2016"]
[Source "ChessBase"]
[SourceDate "2015.10.08"]
[SourceVersion "1"]
[SourceVersionDate "2015.10.08"]
[SourceQuality "1"]

1. d4 Nf6 2. c4 g6 3. Nc3 Bg7 4. e4 d6 5. h3 h5 6. Nf3 Bd7 7. Bd3 Nc6 8. 0-0 Qc8 9. e5 dxe5 10. dxe5 Ng8 11. Re1 Be6 12. Ne4 Bxe5 13. Neg5 Bf6 14. Nxe6 fxe6 15. Bxg6+ Kf8 16. Ng5 e5 17. Bxh5 Bxg5 18. Bxg5 Qf5 19. Qf3 Qxf3 20. Bxf3 Nd4 21. Bd1 Nf6 22. Rxe5 Rg8 23. h4 Rd8 24. g3 Kf7 25. Kg2 Ne6 26. c5 Nd7 27. Bh5+ 1-0

[Event "Kastav Summer op"]
[Site "Kastav"]
[Date "2015.08.21"]
[Round "6"]
[White "Klasan, Elvis"]
[Black "Zrilic, Bozo"]
[Result "1/2-1/2"]
[WhiteElo "1990"]
[BlackElo "1973"]
[PlyCount "29"]
[EventDate "2015.08.19"]
[EventType "swiss"]
[EventRounds "9"]
[EventCountry "CRO"]
[SourceTitle "EXT 2016"]
[Source "ChessBase"]
[SourceDate "2015.10.08"]
[SourceVersion "1"]
[SourceVersionDate "2015.10.08"]
[SourceQuality "1"]

1. b3 Nf6 2. Bb2 g6 3. e3 Bg7 4. d4 d6 5. c4 0-0 6. Nf3 c6 7. Bd3 Nbd7 8. 0-0 Re8 9. Nbd2 e5 10. e4 Nh5 11. g3 c5 12. d5 Nf8 13. Re1 Bh6 14. Nf1 Ng7 15. Bc1 1/2-1/2

[Event "Rijeka Paris Memorial 36th"]
[Site "Rijeka"]
[Date "2015.07.10"]
[Round "9"]
[White "Zrilic, Bozo"]
[Black "Doric, Nenad"]
[Result "1/2-1/2"]
[WhiteElo "1915"]
[BlackElo "2295"]
[PlyCount "75"]
[EventDate "2015.07.03"]
[EventType "swiss"]
[EventRounds "9"]
[EventCountry "CRO"]
[SourceTitle "CBM 167 Extra"]
[Source "ChessBase"]
[SourceDate "2015.09.14"]
[SourceVersion "1"]
[SourceVersionDate "2015.09.14"]
[SourceQuality "1"]

1. d4 d5 2. c4 c6 3. Nc3 Nf6 4. Nf3 e6 5. e3 Nbd7 6. Bd3 dxc4 7. Bxc4 b5 8. Bb3 b4 9. Ne2 Bb7 10. 0-0 Bd6 11. Re1 0-0 12. a3 a5 13. axb4 axb4 14. Rxa8 Qxa8 15. Ng3 c5 16. Qe2 Bxf3 17. Qxf3 Qxf3 18. gxf3 cxd4 19. exd4 Nb6 20. Ne4 Be7 21. Be3 Nfd5 22. Bd2 Rc8 23. Rc1 Rxc1+ 24. Bxc1 h6 25. f4 f5 26. Nc5 Kf7 27. Nd3 Kf6 28. Kg2 Bd6 29. h4 Ke7 30. Bd2 Kf6 31. Kf3 Kg6 32. Kg3 Kf7 33. Kf3 Be7 34. h5 Bd6 35. Kg3 Ke7 36. Kf3 Kd7 37. Ke2 Kc6 38. Ne5+ 1/2-1/2

[Event "Rijeka Paris Memorial 36th"]
[Site "Rijeka"]
[Date "2015.07.08"]
[Round "7"]
[White "Zrilic, Bozo"]
[Black "Muslija, Idris"]
[Result "1-0"]
[WhiteElo "1915"]
[BlackElo "2269"]
[PlyCount "67"]
[EventDate "2015.07.03"]
[EventType "swiss"]
[EventRounds "9"]
[EventCountry "CRO"]
[SourceTitle "CBM 167 Extra"]
[Source "ChessBase"]
[SourceDate "2015.09.14"]
[SourceVersion "1"]
[SourceVersionDate "2015.09.14"]
[SourceQuality "1"]

1. d4 d5 2. c4 e6 3. Nc3 Nf6 4. cxd5 exd5 5. Bg5 c6 6. Nf3 Be7 7. e3 Bf5 8. Bd3 Bxd3 9. Qxd3 Nbd7 10. 0-0 0-0 11. h3 Re8 12. Bf4 Nb6 13. Rac1 Nc4 14. Rc2 Nd6 15. Nd2 Qd7 16. Re1 Nf5 17. a3 Nh5 18. Bh2 Nh4 19. e4 dxe4 20. Ndxe4 Ng6 21. Rd1 Rad8 22. Qf3 Nf6 23. Rcd2 Nd5 24. Bg3 b6 25. Rd3 Bf8 26. h4 Be7 27. h5 Nf8 28. Be5 f6 29. Nxd5 cxd5 30. Nxf6+ gxf6 31. Bxf6 Bxf6 32. Qxf6 Re4 33. Rg3+ Rg4 34. Rdd3 1-0

[Event "Rijeka Paris Memorial 36th"]
[Site "Rijeka"]
[Date "2015.07.04"]
[Round "2"]
[White "Zrilic, Bozo"]
[Black "Loncar, Robert"]
[Result "0-1"]
[WhiteElo "1915"]
[BlackElo "2355"]
[PlyCount "76"]
[EventDate "2015.07.03"]
[EventType "swiss"]
[EventRounds "9"]
[EventCountry "CRO"]
[SourceTitle "CBM 167 Extra"]
[Source "ChessBase"]
[SourceDate "2015.09.14"]
[SourceVersion "1"]
[SourceVersionDate "2015.09.14"]
[SourceQuality "1"]

1. c4 c5 2. Nc3 Nc6 3. g3 g6 4. Bg2 Bg7 5. d3 e6 6. h4 Nge7 7. e4 h6 8. Be3 Nd4 9. Nh3 Nec6 10. 0-0 a6 11. Qd2 Ne5 12. Bxd4 cxd4 13. Nd1 d6 14. Qe2 g5 15. f4 gxf4 16. Nxf4 Rg8 17. Nf2 Bh8 18. Kh2 Qf6 19. Bh3 Bd7 20. Ng4 Nxg4+ 21. Bxg4 Qg7 22. Kh3 Qxg4+ 23. Qxg4 Rxg4 24. Kxg4 e5+ 25. Kf3 exf4 26. gxf4 h5 27. f5 Bf6 28. Rh1 Ke7 29. b3 a5 30. a4 Rc8 31. Rac1 Bg7 32. Rcg1 Bh6 33. Rg2 Kf6 34. Rhg1 Be3 35. Re1 Rc6 36. Rxe3 dxe3 37. Kxe3 Rb6 38. Rg5 Rxb3 0-1

[Event "Mediterranean op 7th"]
[Site "Rijeka"]
[Date "2014.11.09"]
[Round "3"]
[White "Vujic, Agata"]
[Black "Zrilic, Bozo"]
[Result "0-1"]
[WhiteElo "1570"]
[BlackElo "1922"]
[PlyCount "90"]
[EventDate "2014.11.08"]
[EventType "swiss"]
[EventRounds "9"]
[EventCountry "CRO"]
[SourceTitle "CBM 163 Extra"]
[Source "ChessBase"]
[SourceDate "2014.12.23"]
[SourceVersion "1"]
[SourceVersionDate "2014.12.23"]
[SourceQuality "1"]

1. e4 e6 2. d4 d5 3. Nc3 Nf6 4. Bd3 Be7 5. Nf3 h6 6. Bf4 a6 7. 0-0 c5 8. Be3 c4 9. e5 Nfd7 10. Be2 Nc6 11. b3 b5 12. Qd2 b4 13. Na4 c3 14. Qd3 a5 15. a3 Ba6 16. Qd1 Qc7 17. Bxa6 Rxa6 18. Qe2 Ra7 19. Rfd1 0-0 20. Bf4 Raa8 21. Rd3 Bd8 22. Qe3 Kh7 23. Re1 Ne7 24. Nh4 Ng6 25. Nxg6 fxg6 26. Qg3 Be7 27. axb4 axb4 28. h4 Rf7 29. Re2 Raf8 30. Bc1 Qd8 31. h5 g5 32. Qg4 Rf5 33. Be3 Qe8 34. Re1 Qf7 35. Rf1 Qe8 36. Ra1 Qf7 37. Rf1 g6 38. hxg6+ Qxg6 39. Ra1 h5 40. Qe2 R8f7 41. g4 Rf3 42. gxh5 Qxh5 43. Qd1 g4 44. Kf1 g3 45. Ke2 Rxf2+ 0-1

[Event "Opatija op 2nd"]
[Site "Opatija"]
[Date "2014.07.05"]
[Round "8"]
[White "Galic, Simeun"]
[Black "Zrilic, Bozo"]
[Result "0-1"]
[WhiteElo "1957"]
[BlackElo "1919"]
[PlyCount "96"]
[EventDate "2014.06.29"]
[EventType "swiss"]
[EventRounds "9"]
[EventCountry "CRO"]
[SourceTitle "CBM 161 Extra"]
[Source "ChessBase"]
[SourceDate "2014.08.29"]
[SourceVersion "1"]
[SourceVersionDate "2014.08.29"]
[SourceQuality "1"]

1. e4 c5 2. Nc3 d6 3. h3 a6 4. Nf3 g6 5. b3 Bg7 6. Bb2 Nc6 7. a4 Nf6 8. Bc4 0-0 9. Qc1 e6 10. 0-0 d5 11. exd5 exd5 12. Be2 d4 13. Nd1 Re8 14. Bc4 Bh6 15. c3 d3 16. Ba3 b6 17. Nb2 Na5 18. b4 Nxc4 19. Nxc4 Bb7 20. bxc5 Bxf3 21. gxf3 bxc5 22. Ne3 Rc8 23. Kg2 Nh5 24. Rh1 Nf4+ 25. Kf1 Qh4 26. c4 Nxh3 27. Qe1 Re5 28. Bb2 Re6 29. Ra3 Rd8 30. Rb3 Bf8 31. f4 Re4 32. Be5 f6 33. Bb8 g5 34. fxg5 fxg5 35. Bg3 Qh5 36. Qd1 g4 37. Rb6 Qg5 38. Rxa6 h5 39. Nd5 Bg7 40. Ra7 Rde8 41. f4 Nxf4 42. Bh4 Qf5 43. Ne3 Qe6 44. Qb3 Rxe3 45. dxe3 Qxe3 46. Qd1 Nh3 47. Rh2 Rf8+ 48. Kg2 Qe4+ 0-1

[Event "Primorie-Gorski CupT final"]
[Site "Rijeka"]
[Date "2014.05.04"]
[Round "1.2"]
[White "Zrilic, Bozo"]
[Black "Begonja, Veljko"]
[Result "1/2-1/2"]
[WhiteElo "1933"]
[BlackElo "2213"]
[PlyCount "132"]
[EventDate "2014.05.04"]
[EventType "team-k.o."]
[EventRounds "2"]
[EventCountry "CRO"]
[SourceTitle "EXT 2023"]
[Source "ChessBase"]
[SourceDate "2022.10.05"]
[SourceVersion "1"]
[SourceVersionDate "2022.10.05"]
[SourceQuality "1"]
[WhiteTeam "Kastav"]
[BlackTeam "Rijeka Junior"]
[WhiteTeamCountry "CRO"]
[BlackTeamCountry "CRO"]

1. d4 g6 2. c4 Bg7 3. Nc3 Nf6 4. e4 d6 5. Nf3 0-0 6. Be2 e5 7. d5 a5 8. h3 Na6 9. Be3 Nc5 10. Nd2 Bd7 11. g4 Ne8 12. Qc2 b6 13. 0-0-0 h6 14. Rdg1 Kh7 15. Qd1 f6 16. h4 g5 17. Nf3 Kg6 18. Qf1 Rh8 19. hxg5 fxg5 20. Rg3 Nf6 21. Nd2 Qe7 22. Rhg1 Raf8 23. Qh3 Kf7 24. Qg2 Ke8 25. Rh1 Kd8 26. Qf1 Ne8 27. Qd1 Nf6 28. a3 Qe8 29. b3 Ng8 30. Kb2 Ne7 31. Qb1 Ng6 32. b4 axb4 33. axb4 Nb7 34. Qa1 Ke7 35. Qa7 Qa8 36. Ra1 Nf4 37. Bf1 Rb8 38. Kc2 Rhc8 39. Nb3 Nd8 40. Kd2 Qxa7 41. Rxa7 Ra8 42. Rxa8 Rxa8 43. c5 bxc5 44. bxc5 Ra3 45. Bc4 Ba4 46. Kc2 Ra1 47. Kb2 Bxb3 48. Bxb3 Ra5 49. c6 Nd3+ 50. Kc2 Nc5 51. Rg1 Bf8 52. Rb1 Kf6 53. Bc4 Be7 54. f3 Ra8 55. Nb5 Rc8 56. Ra1 Nf7 57. Ra7 Bd8 58. Kc3 Kg6 59. Kb4 h5 60. gxh5+ Kxh5 61. Be2 Kg6 62. Bxc5 dxc5+ 63. Kxc5 Be7+ 64. Kc4 Nd6+ 65. Nxd6 Bxd6 66. Ra2 Rf8 1/2-1/2